000 01498nam2a22002771 4500
001 rc\4076667
005 20250611082011.0
035 _a(NLR Aleph) 008123290
090 _a9377175
_c9377175
100 _a20130415d1950 |||y0rusy50 ca
101 0 _arus
102 _aRU
105 _aac z |||||
200 0 _aТ. 1
_f[Подгот. к печати с авт. доработкой д-ром техн. наук проф. С.Т. Алтуниным и канд. техн. наук А.Н. Ивановым]
210 _d1950
_aБ. м.
215 _a399 с., 1 л. портр.
_cил.
461 0 _1001rc\4076666
_12001#$aСочинения$eВ 3 т.$f[Под общ. ред. акад. Е.А. Замарина и др.]. Т. 1-3$vТ. 1
_1700#1$aПотапов$bМ.В.$f1887-1949$gМакарий Васильевич
_99377170
_aПотапов, М.В. (1887-1949)
_cМосква
_d1950-1951
_f[Под общ. ред. акад. Е.А. Замарина и др.]. Т. 1-3
_nСельхозгиз
_oВ 3 т.
_p3 т.
_tСочинения
_vТ. 1
606 _aПоток русловой
_xЦиркуляция поперечная
_2psbo
606 _aГидротехника русловая
_xМетод искусственной поперечной циркуляции
_2psbo
702 1 _aАлтунин
_bС.Т.
_gСтепан Титович
_4570
702 1 _aИванов
_bА.Н.
_4570
801 0 _aRU
_bNLR
_gpsbo
801 1 _aRU
_bELAR
_2rusmarc
852 _aNLR
_jТ24 Г-5/92
942 _cBOOK
980 _aNB